De l'Antiquité à Aujourd'hui - Idées reçues - Statistiques

Statistiques générales
  • Ce quiz a été pris 21 055 fois
  • Le résultat moyen est 16 sur 24
Réponses sur la Carte
Les réponses sont colorées sur une échelle allant du rouge au vert en fonction du pourcentage des utilisateurs qui les ont devinées à leur premier essai. Vous pouvez retrouver ces pourcentages ci-dessous.
 
Statistiques - réponses
Indice Réponse % Correct
On imaginait la Terre _____ et non sphérique Plate
95%
Roi carolingien, célèbre pour avoir inventé l'école Charlemagne
94%
Il est le fondateur du Parti Nazi en Allemagne Adolf Hitler
93%
Navigateur qui a découvert l'Amérique Christophe Colomb
93%
Citation de Neil Armstrong "C'est un petit pas pour _'_____, un bond de géant pour l'humanité" L'homme
92%
Empereur français connu pour sa petite taille Napoléon Bonaparte
91%
Dramaturge mort sur scène lors d'une représentation du Malade imaginaire Molière
88%
Frères français ayant réalisé les premiers films de l'Histoire Frères Lumière
84%
Reine qui avait un nez particulièrement long Cléopâtre
80%
Reine qui a dit "S'ils n'ont pas de pain, qu'ils mangent de la brioche" Marie-Antoinette
78%
Peuples ayant érigé les menhirs et les dolmens Gaulois
77%
Homme qui fut le premier Empereur Romain Jules César
77%
Code 4 Nixon
69%
Place de Moscou qui doit son nom au Parti Communiste Place Rouge
63%
Combattants qui prononçaient ces mots : Ave Caesar, morituri te salutant Gladiateurs
58%
Compositeur assassiné par Antonio Salieri Mozart
57%
Code 1 Néron
55%
Code 3 Quint
51%
Droit qui autorisait un seigneur à passer la première nuit de noces avec la femme de l'un de ses sujets Droit de Cuissage
46%
Code 2 Capet
42%
Cachots où l'on jetait les prisonniers dans les châteaux forts Oubliettes
41%
Agronome qui a importé la pomme de terre en Europe Antoine Parmentier
39%
Philosophe grec qui vivait dans un tonneau Diogène
39%
Nom donné aux derniers Rois Mérovingiens réputés pour être paresseux Rois "Fainéants"
33%
Aucun quiz correspondant
Distribution des résultats
% des personnes avec chaque résultat
Percentile par nombre de réponses
Votre historique - résultats
Vous n’avez pas pris ce quiz